Conversion of redundant commercial space for residential use. (Record no. 60597)

MARC details
000 -LEADER
fixed length control field 00800cam a2200157 4500
001 - CONTROL NUMBER
control field ABS0923
008 - FIXED-LENGTH DATA ELEMENTS--GENERAL INFORMATION
fixed length control field 000000n1999 000 0 eng u
035 ## - SYSTEM CONTROL NUMBER
System control number (Sirsi) u101464
245 ## - TITLE STATEMENT
Title Conversion of redundant commercial space for residential use.
260 ## - PUBLICATION, DISTRIBUTION, ETC.
Date of publication, distribution, etc. 1999
490 ## - SERIES STATEMENT
Series statement Property Journal
Volume/sequential designation June 1999, 4-5(2)
520 ## - SUMMARY, ETC.
Summary, etc. A survey of members by the British Property Federation indicates that many owners and developers do not see conversion as a natural answer to redundant commercial property. There are a number of barriers to conversion which need to be addressed through measures such as flexible planning policies and financial incentives before conversion becomes an attractive option.
650 ## - SUBJECT ADDED ENTRY--TOPICAL TERM
Topical term or geographic name entry element RESIDENTIAL CONVERSIONS
690 ## - LOCAL SUBJECT ADDED ENTRY--TOPICAL TERM (OCLC, RLIN)
Topical term or geographic name as entry element PROPERTY-COMMERCIAL PROPERTY
942 ## - ADDED ENTRY ELEMENTS (KOHA)
Suppress in OPAC 0
Holdings
Withdrawn status Lost status Source of classification or shelving scheme Damaged status Not for loan Home library Current library Shelving location Date acquired Total Checkouts Full call number Barcode Date last seen Copy number Price effective from Koha item type
    Dewey Decimal Classification     London London Journal article 04/11/1999   ABS60923 101464-1001 06/08/2019 1 06/08/2019 Journal article